000 00458nam a2200193Ia 4500
005 20240823050135.0
008 240823s9999||||xx |||||||||||||| ||und||
020 _a978-81-317-0699-2
041 _aENGLISH
082 _A546 Q0
100 _aAlan G Sharpe
245 0 _aInorganic Chemistry
250 _a3rd
260 _c2010
_bPearson Education Internat
500 _aTRANSFERED
650 _aInorganic
_bChemistry
942 _cBK
999 _c216568
_d216568